Rosco de Pasapalabra #1 - Estadísticas

Estadísticas generales
  • Esta prueba ha sido intentada 10.197 veces
  • La puntuación promedio es 14 de 25
Estadísticas de respuestas
Inicial Definición Respuesta % Correcto
M Tercer día de la semana Miércoles
90%
D Conjunto de las palabras que intercambian los personajes de una obra de teatro, una película o una narración Diálogo
89%
G Que no cuesta dinero Gratuito
89%
A Pérdida total o parcial de la memoria Amnesia
82%
J Mamífero carnívoro félido de América, de gran tamaño, y pelaje dorado con manchas negras en forma de anillo Jaguar
80%
I Recinto en el que se mantienen condiciones ambientales adecuadas para favorecer el cultivo de plantas Invernadero
79%
P Hijo del rey que es heredero de la corona Príncipe
79%
Contiene la Ñ Construcción rústica pequeña, de materiales pobres, destinada a refugio o vivienda Cabaña
72%
N Inexistencia total o carencia absoluta de todo ser Nada
70%
E Trabajo u oficio por el que se percibe una remuneración Empleo
68%
B Salsa cremosa blanca, hecha con harina, leche y mantequilla o aceite Bechamel
67%
C Sosegar, adormecer, templar a alguien o algo Calmar
67%
V Cada uno de los huesos cortos, articulados entre sí, que forman la columna vertebral Vértebra
61%
L En doctrina católica, lugar adonde irían las almas de quienes mueren sin bautismo antes de tener uso de razón Limbo
55%
S Abonarse para recibir alguna publicación periódica o algunos libros que se hayan de publicar en serie Suscribir
53%
Contiene la Q Vara cilíndrica generalmente de madera, con que se tocan ciertos instrumentos de percusión como el tambor Baqueta
52%
T Suspensión temporal de la lucha por acuerdo entre los beligerantes Tregua
48%
U Instrumento musical de cuerda, popularizado desde Hawái Ukelele
48%
H Sustancia crasa y negra que el humo deposita en la superficie de los cuerpos Hollín
42%
R Exposición que resulta de dejar solamente lo esencial de un asunto Resumen
42%
Contiene la X Parte de una cosa que está al principio o al fin de ella Extremo
29%
Z Cosido que queda hecho cuando se zurce Zurcido
23%
Contiene la Y Persona sobre la que se realiza algún experimento médico o biológico Cobaya
18%
O Idioma de Etiopía de nivel cooficial Oromo
2%
F Apellido del pintor que, por orden de Fernando VII, realizó litografías de obras del Museo del Prado Feillet
1%
No se encontraron pruebas coincidentes
Distribución de puntuación
Porcentaje de gente con cada puntuación
Porcentaje por número respondido
Historial de tus puntuaciones
No has intentado esta prueba.